[Event "Schoeneck Schoebel Memorial 1st"]
[Site "Schoeneck"]
[Date "2017.12.29"]
[Round "4"]
[White "Penzel, Nils"]
[Black "Romero Flores, Cesar Antonio"]
[Result "1/2-1/2"]
[WhiteElo "2146"]
[BlackElo "1884"]
[PlyCount "66"]
[EventDate "2017.12.27"]
[EventType "swiss"]
[EventRounds "7"]
[EventCountry "GER"]
[SourceTitle "CBM 182 Extra"]
[Source "ChessBase"]
[SourceDate "2018.02.23"]
[SourceVersion "1"]
[SourceVersionDate "2018.02.23"]
[SourceQuality "1"]

1. d4 d5 2. Nf3 c6 3. c4 Nf6 4. Nc3 a6 5. c5 a5 6. h3 Bf5 7. Qb3 Ra7 8. Nh4 Bg6 9. Bg5 Nbd7 10. e3 e6 11. Nxg6 hxg6 12. f4 b6 13. cxb6 Qxb6 14. Bxf6 gxf6 15. Qxb6 Nxb6 16. Rc1 Bb4 17. Kd1 Kd7 18. Bd3 Rb8 19. Kc2 a4 20. a3 Bd6 21. Kd2 Ra5 22. Rc2 Nc8 23. g4 f5 24. gxf5 exf5 25. h4 Ne7 26. Ne2 Rh8 27. Ng1 Rh6 28. Nf3 f6 29. Rcc1 Ra8 30. Bc2 Rb8 31. Kc3 Ra8 32. Kd2 Rb8 33. Kc3 Ra8 1/2-1/2

[Event "Frankfurt-chA"]
[Site "Frankfurt"]
[Date "2013.05.13"]
[Round "3"]
[White "Weiland, Thomas"]
[Black "Penzel, Nils"]
[Result "0-1"]
[WhiteElo "2015"]
[BlackElo "2125"]
[PlyCount "100"]
[EventDate "2013.04.29"]
[EventType "swiss"]
[EventRounds "7"]
[EventCountry "GER"]
[SourceTitle "EXT 2014"]
[Source "ChessBase"]
[SourceDate "2013.11.20"]
[SourceVersion "1"]
[SourceVersionDate "2013.11.20"]
[SourceQuality "1"]

1. e4 e6 2. Nf3 d5 3. exd5 exd5 4. d4 Bd6 5. Bb5+ c6 6. Bd3 Bg4 7. 0-0 Nd7 8. h3 Bh5 9. Nc3 Qc7 10. Re1+ Ne7 11. Bg5 f6 12. Bd2 0-0-0 13. a4 g5 14. b4 Rdg8 15. b5 c5 16. a5 c4 17. b6 axb6 18. Nb5 Qb8 19. Nxd6+ Qxd6 20. Be2 Nc6 21. axb6 Nxb6 22. Ba5 Nd7 23. Nh2 Bxe2 24. Rxe2 Re8 25. Bc3 Rxe2 26. Qxe2 Qe7 27. Ra8+ Ndb8 28. Qg4+ Qd7 29. Qg3 h5 30. Nf1 h4 31. Qf3 Qe6 32. Ne3 Rd8 33. Ba5 Rd7 34. c3 b6 35. Bb4 Nxb4 36. cxb4 Kb7 37. Ra1 Nc6 38. Rd1 Nxb4 39. Nxc4 Qe4 40. Qb3 dxc4 41. Qxb4 Rxd4 42. Re1 Qd5 43. Qe7+ Ka6 44. Ra1+ Kb5 45. Rb1+ Kc6 46. Qxf6+ Qd6 47. Qxg5 Rd1+ 48. Rxd1 Qxd1+ 49. Kh2 c3 50. Qf6+ Qd6+ 0-1

[Event "Hessen-ch Master op"]
[Site "Korbach"]
[Date "2013.03.29"]
[Round "4"]
[White "Penzel, Nils"]
[Black "Stockmann, Michael"]
[Result "1/2-1/2"]
[WhiteElo "2125"]
[BlackElo "2276"]
[PlyCount "49"]
[EventDate "2013.03.27"]
[EventType "swiss"]
[EventRounds "7"]
[EventCountry "GER"]
[SourceTitle "CBM 153 Extra"]
[Source "ChessBase"]
[SourceDate "2013.04.22"]
[SourceVersion "1"]
[SourceVersionDate "2013.04.22"]
[SourceQuality "1"]

1. d4 Nf6 2. Nf3 e6 3. c4 d5 4. g3 dxc4 5. Bg2 a6 6. a4 c5 7. Qc2 cxd4 8. Qxc4 Nc6 9. 0-0 Be7 10. Bf4 0-0 11. Rd1 Qb6 12. Nbd2 Nd7 13. Qc1 Nc5 14. Ne5 Nb4 15. Nec4 Qd8 16. a5 d3 17. e3 Nd7 18. Qc3 Nf6 19. Nb6 Nbd5 20. Bxd5 Nxd5 21. Nxd5 Qxd5 22. e4 Qb5 23. Nc4 Bd7 24. Nb6 Rad8 25. Bc7 1/2-1/2

[Event "Hessen-ch Master op"]
[Site "Korbach"]
[Date "2013.03.27"]
[Round "1"]
[White "Penzel, Nils"]
[Black "Telljohann, Sven"]
[Result "0-1"]
[WhiteElo "2125"]
[BlackElo "2407"]
[PlyCount "58"]
[EventDate "2013.03.27"]
[EventType "swiss"]
[EventRounds "7"]
[EventCountry "GER"]
[SourceTitle "CBM 153 Extra"]
[Source "ChessBase"]
[SourceDate "2013.04.22"]
[SourceVersion "1"]
[SourceVersionDate "2013.04.22"]
[SourceQuality "1"]

1. d4 g6 2. c4 Bg7 3. Nc3 c5 4. d5 Bxc3+ 5. bxc3 e5 6. Qa4 f5 7. Nf3 Qf6 8. e4 h6 9. Qb5 Na6 10. g3 Kd8 11. d6 Qxd6 12. Ba3 b6 13. Rd1 Qf6 14. Bg2 Ne7 15. 0-0 Nc7 16. Qa4 d6 17. exf5 Bd7 18. Qb3 gxf5 19. Nxe5 Qxe5 20. Bxa8 Nxa8 21. Bc1 Nc8 22. Bf4 Qf6 23. Rd3 Re8 24. Rfd1 Re6 25. R1d2 Nc7 26. Qd1 Ne8 27. f3 Kc7 28. Kf2 Ne7 29. Kf1 Nc6 0-1

[Event "Karl Mala Memorial op 15th"]
[Site "Frankfurt"]
[Date "2012.07.05"]
[Round "1"]
[White "Roehlich, Philipp"]
[Black "Penzel, Nils"]
[Result "1-0"]
[WhiteElo "1757"]
[BlackElo "2152"]
[PlyCount "99"]
[EventDate "2012.07.05"]
[EventType "swiss"]
[EventRounds "7"]
[EventCountry "GER"]
[SourceTitle "CBM 149 Extra"]
[Source "ChessBase"]
[SourceDate "2012.08.24"]
[SourceVersion "1"]
[SourceVersionDate "2012.08.24"]
[SourceQuality "1"]

1. e4 e6 2. Qe2 c5 3. Nf3 Nc6 4. g3 d6 5. Bg2 g6 6. 0-0 Bg7 7. d3 Nge7 8. Nc3 0-0 9. Be3 Qd7 10. Rfd1 Nd4 11. Qd2 Nec6 12. Rdc1 b5 13. Nd1 Bb7 14. c3 Nxf3+ 15. Bxf3 Ne5 16. Bg2 f5 17. f4 Ng4 18. Nf2 Nxe3 19. Qxe3 Rfe8 20. d4 fxe4 21. Nxe4 cxd4 22. cxd4 Bd5 23. Ng5 h6 24. Nf3 Qb7 25. Rc2 Qb6 26. Kh1 e5 27. Re1 e4 28. Nh4 Bxd4 29. Qd2 Bb7 30. Rd1 e3 31. Qd3 Re6 32. f5 gxf5 33. Qxf5 Rae8 34. Qg4+ Kh7 35. Rxd4 Bxg2+ 36. Nxg2 e2 37. Ne1 Qb7+ 38. Kg1 Qb6 39. Qf5+ Kh8 40. Qf2 d5 41. Rxd5 Rf6 42. Qxb6 Rf1+ 43. Kg2 axb6 44. Rc1 Kg7 45. Rxb5 Ref8 46. Rxb6 R8f2+ 47. Kh3 Rh1 48. Rc7+ Rf7 49. Rxf7+ Kxf7 50. Kg2 1-0

[Event "Frankfurt-chA"]
[Site "Frankfurt"]
[Date "2012.06.04"]
[Round "5"]
[White "Zude, Erik"]
[Black "Penzel, Nils"]
[Result "1-0"]
[WhiteElo "2340"]
[BlackElo "2007"]
[PlyCount "91"]
[EventDate "2012.04.30"]
[EventType "swiss"]
[EventRounds "7"]
[EventCountry "GER"]
[SourceTitle "EXT 2013"]
[Source "ChessBase"]
[SourceDate "2012.11.22"]
[SourceVersion "1"]
[SourceVersionDate "2012.11.22"]
[SourceQuality "1"]

1. d4 Nf6 2. Nf3 g6 3. c4 Bg7 4. Nc3 0-0 5. e4 d6 6. h3 e5 7. d5 a5 8. Bg5 Na6 9. Nd2 h6 10. Be3 h5 11. Be2 Nh7 12. g4 f5 13. gxf5 gxf5 14. exf5 Bxf5 15. Nde4 Qh4 16. Ng3 Nb4 17. Nxf5 Rxf5 18. Qd2 e4 19. Rg1 Raf8 20. 0-0-0 R8f7 21. Rg3 Kf8 22. Bh6 Bxh6 23. Qxh6+ Ke7 24. Rg4 Qxf2 25. Rxe4+ Kd8 26. a3 Na6 27. Bxh5 R5f6 28. Qe3 Qxe3+ 29. Rxe3 Re7 30. Rxe7 Kxe7 31. Re1+ Kd7 32. Rg1 Rh6 33. Rg7+ Kd8 34. Bg4 Nf6 35. Ne2 Ke8 36. Nf4 Nxg4 37. hxg4 Kf8 38. Rg5 Nc5 39. b4 axb4 40. axb4 Ne4 41. Rh5 Rf6 42. Ne6+ Kg8 43. g5 Rf5 44. Rh4 Ng3 45. g6 c6 46. Rh7 1-0

[Event "Frankfurt-chA"]
[Site "Frankfurt"]
[Date "2012.05.08"]
[Round "2"]
[White "Penzel, Nils"]
[Black "Reichel, Rolf"]
[Result "1-0"]
[WhiteElo "2007"]
[BlackElo "1619"]
[PlyCount "59"]
[EventDate "2012.04.30"]
[EventType "swiss"]
[EventRounds "7"]
[EventCountry "GER"]
[SourceTitle "EXT 2013"]
[Source "ChessBase"]
[SourceDate "2012.11.22"]
[SourceVersion "1"]
[SourceVersionDate "2012.11.22"]
[SourceQuality "1"]

1. d4 d5 2. Nf3 c6 3. c4 Bg4 4. Ne5 Bf5 5. Nc3 e6 6. Qb3 Qb6 7. Qxb6 axb6 8. g4 Bc2 9. Kd2 Bg6 10. Nxg6 hxg6 11. e4 Nf6 12. f3 Bb4 13. g5 Nfd7 14. Kc2 e5 15. Be3 Bxc3 16. bxc3 Ra5 17. cxd5 cxd5 18. Bg2 f5 19. gxf6 exd4 20. fxg7 Rg8 21. Bxd4 Nc6 22. Rhe1 Nxd4+ 23. cxd4 Kf7 24. e5 Kxg7 25. Bh3 Rc8+ 26. Kd2 Rd8 27. Rec1 Rh8 28. Bxd7 Rxh2+ 29. Kd3 Kf7 30. a4 1-0

[Event "Hessen-ch Gr-A"]
[Site "Idstein"]
[Date "2009.04.09"]
[Round "2"]
[White "Sroka, Dirk"]
[Black "Penzel, Nils"]
[Result "1/2-1/2"]
[WhiteElo "2110"]
[BlackElo "2107"]
[PlyCount "39"]
[EventDate "2009.04.08"]
[EventType "tourn"]
[EventRounds "7"]
[EventCountry "GER"]
[SourceTitle "CBM 129 Extra"]
[Source "ChessBase"]
[SourceDate "2009.05.05"]
[SourceVersion "2"]
[SourceVersionDate "2009.05.20"]
[SourceQuality "1"]

1. c4 c5 2. Nc3 Nc6 3. g3 g6 4. Bg2 Bg7 5. e4 e6 6. Nge2 Nge7 7. 0-0 0-0 8. d3 d6 9. Rb1 b6 10. Be3 Bb7 11. h3 Nd4 12. b4 Qd7 13. Qd2 Rac8 14. Bh6 cxb4 15. Rxb4 Nxe2+ 16. Nxe2 Bxh6 17. Qxh6 d5 18. cxd5 exd5 19. e5 Nf5 20. Qd2 1/2-1/2

[Event "Karl Mala Memorial op 11th"]
[Site "Frankfurt"]
[Date "2008.06.27"]
[Round "3"]
[White "Ruppert, Wolfgang"]
[Black "Penzel, Nils"]
[Result "0-1"]
[WhiteElo "2203"]
[BlackElo "2062"]
[PlyCount "116"]
[EventDate "2008.06.26"]
[EventType "swiss"]
[EventRounds "7"]
[EventCountry "GER"]
[SourceTitle "CBM 125 Extra"]
[Source "ChessBase"]
[SourceDate "2008.09.01"]
[SourceVersion "1"]
[SourceVersionDate "2008.09.01"]
[SourceQuality "1"]

1. e4 e6 2. d4 d5 3. Nc3 Bb4 4. e5 c5 5. a3 Bxc3+ 6. bxc3 Ne7 7. Qg4 0-0 8. Bd3 f5 9. exf6 Rxf6 10. Bg5 Rf7 11. Qh5 g6 12. Qd1 Qa5 13. Bd2 Nbc6 14. Nf3 Qc7 15. 0-0 c4 16. Be2 e5 17. dxe5 Nxe5 18. Ng5 Rf6 19. f4 Qc5+ 20. Kh1 Nf7 21. Nxf7 Kxf7 22. Qe1 Bf5 23. Qh4 Kg7 24. Be1 Qe3 25. Bf2 Qxc3 26. Rad1 Nc6 27. Rxd5 Qxc2 28. Bf3 Raf8 29. Be3 Qc3 30. Bc5 R8f7 31. g4 Qxf3+ 32. Rxf3 Be4 33. Rd6 Rxf4 34. Qe1 Bxf3+ 35. Kg1 Rxg4+ 36. Kf1 Bg2+ 37. Ke2 Re4+ 38. Be3 Rxe3+ 39. Kxe3 Re7+ 40. Kf2 Rxe1 41. Kxe1 Bh3 42. Kd2 Kf7 43. Kc3 Ke7 44. Rd2 Be6 45. Re2 Kd6 46. h4 b5 47. Rd2+ Kc5 48. Rg2 a5 49. Rg5+ Bd5 50. h5 b4+ 51. Kb2 c3+ 52. Kc2 Kc4 53. axb4 axb4 54. hxg6 hxg6 55. Rg4+ Nd4+ 56. Kc1 b3 57. Rf4 g5 58. Rg4 Bf3 0-1

[Event "Kaupthing op-A 1st"]
[Site "Differdange"]
[Date "2007.07.14"]
[Round "9"]
[White "Penzel, Frank"]
[Black "Penzel, Nils"]
[Result "0-1"]
[WhiteElo "2210"]
[BlackElo "2002"]
[PlyCount "28"]
[EventDate "2007.07.07"]
[EventType "swiss"]
[EventRounds "9"]
[EventCountry "LUX"]
[SourceTitle "CBM 119 Extra"]
[Source "ChessBase"]
[SourceDate "2007.09.04"]
[SourceVersion "1"]
[SourceVersionDate "2007.09.04"]
[SourceQuality "1"]

1. e4 e6 2. d4 d5 3. Bd3 c5 4. dxc5 dxe4 5. Bb5+ Bd7 6. Nc3 Bxb5 7. Nxb5 Qa5+ 8. Nc3 Bxc5 9. Bd2 Nd7 10. Nge2 0-0-0 11. b4 Bxb4 12. 0-0 Ngf6 13. a3 Bxc3 14. Bxc3 Qd5 0-1

[Event "Kaupthing op-A 1st"]
[Site "Differdange"]
[Date "2007.07.13"]
[Round "8"]
[White "Penzel, Nils"]
[Black "Boos, Markus"]
[Result "0-1"]
[WhiteElo "2002"]
[BlackElo "2216"]
[PlyCount "48"]
[EventDate "2007.07.07"]
[EventType "swiss"]
[EventRounds "9"]
[EventCountry "LUX"]
[SourceTitle "CBM 119 Extra"]
[Source "ChessBase"]
[SourceDate "2007.09.04"]
[SourceVersion "1"]
[SourceVersionDate "2007.09.04"]
[SourceQuality "1"]

1. d4 Nf6 2. c4 c5 3. d5 e6 4. Nc3 exd5 5. cxd5 d6 6. e4 g6 7. Be2 Bg7 8. Nf3 0-0 9. 0-0 Bg4 10. Nd2 Bxe2 11. Qxe2 Nbd7 12. Nc4 Nb6 13. Bg5 h6 14. Bh4 Nxc4 15. Qxc4 g5 16. Bg3 Nh5 17. Rab1 Qd7 18. a4 Rae8 19. Ne2 f5 20. exf5 Rxf5 21. Nc3 Nxg3 22. hxg3 Bd4 23. Nb5 Bxf2+ 24. Rxf2 Rxf2 0-1

[Event "Kaupthing op-A 1st"]
[Site "Differdange"]
[Date "2007.07.08"]
[Round "3"]
[White "Schweitzer, Viktoriya"]
[Black "Penzel, Nils"]
[Result "0-1"]
[WhiteElo "2243"]
[BlackElo "2002"]
[PlyCount "142"]
[EventDate "2007.07.07"]
[EventType "swiss"]
[EventRounds "9"]
[EventCountry "LUX"]
[SourceTitle "CBM 119 Extra"]
[Source "ChessBase"]
[SourceDate "2007.09.04"]
[SourceVersion "1"]
[SourceVersionDate "2007.09.04"]
[SourceQuality "1"]

1. e4 e6 2. d4 d5 3. Nc3 Bb4 4. Nge2 Ne7 5. a3 Ba5 6. b4 Bb6 7. e5 Bd7 8. Ng3 a5 9. b5 a4 10. Qg4 Ba5 11. Bd2 0-0 12. Bd3 f5 13. exf6 Rxf6 14. Nh5 Rf7 15. Qh4 g6 16. Nf6+ Kh8 17. Ng4 Qe8 18. Qg3 Nf5 19. Qe5+ Ng7 20. h4 Bxc3 21. Bxc3 Bxb5 22. h5 Bxd3 23. h6 Nd7 24. hxg7+ Rxg7 25. Qg3 Bxc2 26. Bd2 Bf5 27. Bh6 Rf7 28. Ne5 Nxe5 29. Qxe5+ Kg8 30. 0-0 Qe7 31. f3 Qf6 32. Qe3 Re8 33. Bg5 Qh8 34. Rac1 e5 35. Bf4 Qf6 36. Bxe5 c6 37. Qc3 Qd8 38. Qb4 Bd3 39. Rf2 Qa8 40. Qd2 Bc4 41. g4 Qc8 42. Kg2 Qd7 43. Rh1 c5 44. Qg5 Qe6 45. Kg3 cxd4 46. f4 Bd3 47. Rfh2 Ree7 48. Rd1 Be4 49. Bxd4 Qd6 50. Rc1 Re8 51. Rc3 Qa6 52. Rf2 Qe6 53. f5 Qd6+ 54. Kh3 h6 55. Qh4 g5 56. Qh5 Ref8 57. f6 Kh7 58. Rf5 Bxf5 59. gxf5 Rxf6 60. Bxf6 Qxf6 61. Rf3 Qf7 62. Qg4 Rg8 63. Rf2 h5 64. Qxa4 g4+ 65. Kg2 Qe7 66. Qb5 Qe4+ 67. Kg1 Qe1+ 68. Kg2 h4 69. Qxb7+ Rg7 70. Qb6 h3+ 71. Kg3 h2 0-1

[Event "Kaupthing op-A 1st"]
[Site "Differdange"]
[Date "2007.07.07"]
[Round "1"]
[White "Lagerman, Robert"]
[Black "Penzel, Nils"]
[Result "1-0"]
[WhiteElo "2315"]
[BlackElo "2002"]
[PlyCount "43"]
[EventDate "2007.07.07"]
[EventType "swiss"]
[EventRounds "9"]
[EventCountry "LUX"]
[SourceTitle "CBM 119 Extra"]
[Source "ChessBase"]
[SourceDate "2007.09.04"]
[SourceVersion "1"]
[SourceVersionDate "2007.09.04"]
[SourceQuality "1"]

1. e4 e6 2. d4 d5 3. Nd2 c5 4. Ngf3 Nf6 5. e5 Nfd7 6. c3 Nc6 7. Bd3 f6 8. 0-0 fxe5 9. Nxe5 Ndxe5 10. dxe5 Qc7 11. f4 c4 12. Bc2 Bc5+ 13. Kh1 0-0 14. Nf3 b5 15. b4 cxb3 16. axb3 b4 17. Ng5 g6 18. Rf3 Be7 19. Nxh7 Kxh7 20. Bxg6+ Kg7 21. Rh3 Nxe5 22. Rh7+ 1-0

[Event "Frankfurt-ch"]
[Site "Frankfurt"]
[Date "2007.06.18"]
[Round "7"]
[White "Rubel, Julian"]
[Black "Penzel, Nils"]
[Result "1-0"]
[WhiteElo "2125"]
[BlackElo "2002"]
[PlyCount "57"]
[EventDate "2007.04.30"]
[EventType "swiss"]
[EventRounds "7"]
[EventCountry "GER"]
[SourceTitle "EXT 2008"]
[Source "ChessBase"]
[SourceDate "2007.11.25"]
[SourceVersion "1"]
[SourceVersionDate "2007.11.25"]
[SourceQuality "1"]

1. d4 Nf6 2. c4 g6 3. Nc3 Bg7 4. e4 d6 5. f3 0-0 6. Bg5 h6 7. Be3 e5 8. d5 Nh5 9. Qd2 Kh7 10. 0-0-0 f5 11. exf5 gxf5 12. Bd3 Nf6 13. Nge2 a6 14. Ng3 Ng8 15. Nxf5 Bxf5 16. Bxf5+ Kh8 17. Bc2 Nd7 18. Ne4 b5 19. c5 Ndf6 20. Ng3 Nd7 21. cxd6 cxd6 22. Kb1 Nb6 23. Nh5 Rf7 24. Qd3 Bf8 25. Qg6 Rd7 26. h4 Nc4 27. Bg5 Qa5 28. Bf6+ Nxf6 29. Nxf6 1-0

[Event "Frankfurt-ch"]
[Site "Frankfurt"]
[Date "2007.05.07"]
[Round "2"]
[White "Penzel, Nils"]
[Black "Legde, Georg"]
[Result "0-1"]
[WhiteElo "2002"]
[BlackElo "2353"]
[PlyCount "70"]
[EventDate "2007.04.30"]
[EventType "swiss"]
[EventRounds "7"]
[EventCountry "GER"]
[SourceTitle "EXT 2008"]
[Source "ChessBase"]
[SourceDate "2007.11.25"]
[SourceVersion "1"]
[SourceVersionDate "2007.11.25"]
[SourceQuality "1"]

1. d4 Nf6 2. Nf3 c5 3. d5 e6 4. c4 d6 5. Nc3 exd5 6. cxd5 g6 7. e4 Bg7 8. Be2 0-0 9. 0-0 Re8 10. Nd2 Nbd7 11. Re1 a6 12. a4 Rb8 13. Bf1 Nh5 14. g3 Nhf6 15. Nc4 Ne5 16. Nxe5 Rxe5 17. f4 Re8 18. e5 dxe5 19. fxe5 Ng4 20. e6 Bd4+ 21. Kg2 Nf6 22. Bf4 Ra8 23. Bc4 b6 24. Qf3 Ra7 25. Bb8 Rb7 26. Bc7 Rxc7 27. d6 fxe6 28. dxc7 Qxc7 29. Qe2 Qc6+ 30. Ne4 Bb7 31. Bd3 c4 32. Bc2 Nd5 33. Qd2 Bxb2 34. Rad1 Bg7 35. Bb1 c3 0-1

[Event "Boeblingen op 23rd"]
[Site "Boeblingen"]
[Date "2006.12.29"]
[Round "6"]
[White "Haist, Winfried"]
[Black "Penzel, Nils"]
[Result "1-0"]
[WhiteElo "2181"]
[BlackElo "1993"]
[PlyCount "41"]
[EventDate "2006.12.26"]
[EventType "swiss"]
[EventRounds "9"]
[EventCountry "GER"]
[SourceTitle "CBM 116 Extra"]
[Source "ChessBase"]
[SourceDate "2007.03.07"]
[SourceVersion "1"]
[SourceVersionDate "2007.03.07"]
[SourceQuality "1"]

1. e4 e6 2. d4 d5 3. Nc3 Bb4 4. e5 Ne7 5. Qg4 c5 6. dxc5 Bxc3+ 7. bxc3 0-0 8. Bd3 f5 9. exf6 Rxf6 10. Bg5 Rf7 11. Nf3 Nbc6 12. Qh4 h6 13. 0-0 e5 14. c4 e4 15. cxd5 exf3 16. dxc6 hxg5 17. Qh7+ Kf8 18. Qh8+ Ng8 19. Bh7 Ke7 20. Rad1 Qa5 21. cxb7 1-0

[Event "Karl Mala Memorial op 09th"]
[Site "Frankfurt"]
[Date "2005.07.29"]
[Round "3"]
[White "Penzel, Nils"]
[Black "Fassmann, Kurt"]
[Result "0-1"]
[WhiteElo "1745"]
[BlackElo "2062"]
[PlyCount "98"]
[EventDate "2005.07.28"]
[EventType "swiss"]
[EventRounds "7"]
[EventCountry "GER"]
[SourceTitle "EXT 2006"]
[Source "ChessBase"]
[SourceDate "2005.11.24"]
[SourceVersion "1"]
[SourceVersionDate "2005.11.24"]
[SourceQuality "1"]

1. d4 e6 2. Nf3 c5 3. c4 cxd4 4. Nxd4 Nc6 5. e4 Bc5 6. Nb5 d6 7. a3 a6 8. N5c3 Qf6 9. f3 Nge7 10. Ra2 0-0 11. b4 Bd4 12. Ne2 e5 13. Nxd4 Nxd4 14. Nc3 Be6 15. Be3 b5 16. Bxd4 exd4 17. Nd5 Bxd5 18. cxd5 Rac8 19. a4 Rc3 20. axb5 axb5 21. Bxb5 Re3+ 22. Be2 d3 23. 0-0 dxe2 24. Rxe2 Rxe2 25. Qxe2 Qd4+ 26. Rf2 Qxb4 27. Qb2 Qe1+ 28. Rf1 Qe3+ 29. Rf2 Rc8 30. g3 Qc1+ 31. Kg2 Qxb2 32. Rxb2 h6 33. f4 f5 34. e5 Nxd5 35. Rd2 Nb4 36. Rxd6 Rc2+ 37. Kh3 Re2 38. g4 Re3+ 39. Kh4 fxg4 40. Kxg4 Rd3 41. Rb6 Nd5 42. Rb8+ Kf7 43. Rb7+ Ne7 44. f5 Rd4+ 45. Kf3 Rh4 46. Kg3 Re4 47. f6 gxf6 48. exf6 Kxf6 49. Rb6+ Re6 0-1

[Event "Gernsheim U20 op 3rd"]
[Site "Gernsheim"]
[Date "2005.05.??"]
[Round "6"]
[White "Glaesser, Tim"]
[Black "Penzel, Nils"]
[Result "0-1"]
[WhiteElo "1461"]
[BlackElo "1766"]
[PlyCount "55"]
[EventDate "2005.05.??"]
[EventType "swiss"]
[EventRounds "7"]
[EventCountry "GER"]
[SourceTitle "EXT 2007"]
[Source "ChessBase"]
[SourceDate "2006.11.23"]
[SourceVersion "1"]
[SourceVersionDate "2006.11.23"]
[SourceQuality "1"]

1. b3 e5 2. Bb2 Nc6 3. e3 g6 4. Bb5 Bg7 5. Ne2 Nge7 6. 0-0 0-0 7. f4 d6 8. Nbc3 Be6 9. Ne4 a6 10. Bxc6 Nxc6 11. Ng5 Bg4 12. Ne4 Re8 13. h3 exf4 14. Bxg7 Bxe2 15. Qxe2 Rxe4 16. Qf3 f5 17. d3 Re6 18. Qd5 Qe7 19. Bh6 fxe3 20. Bxe3 Qf7 21. Bg5 Re2 22. Qxf7+ Kxf7 23. Rf2 Rae8 24. Kf1 Rxf2+ 25. Kxf2 Nd4 26. c3 Ne6 27. Bd2 Nc5 28. d4 0-1

[Event "Gernsheim U20 op 3rd"]
[Site "Gernsheim"]
[Date "2005.05.??"]
[Round "5"]
[White "Penzel, Nils"]
[Black "Ochs, Sebastian"]
[Result "1-0"]
[WhiteElo "1766"]
[BlackElo "1252"]
[PlyCount "67"]
[EventDate "2005.05.??"]
[EventType "swiss"]
[EventRounds "7"]
[EventCountry "GER"]
[SourceTitle "EXT 2007"]
[Source "ChessBase"]
[SourceDate "2006.11.23"]
[SourceVersion "1"]
[SourceVersionDate "2006.11.23"]
[SourceQuality "1"]

1. d4 Nf6 2. Nf3 g6 3. c4 Bg7 4. Nc3 0-0 5. e4 d6 6. Be2 Nbd7 7. 0-0 e5 8. d5 Nc5 9. Qc2 a5 10. Be3 Nfd7 11. Nd2 f5 12. f3 f4 13. Bf2 c6 14. Nb3 Nxb3 15. axb3 c5 16. Nb5 Nf6 17. b4 cxb4 18. c5 Ne8 19. Nxd6 Nxd6 20. cxd6 Qxd6 21. Bc5 Qc7 22. Rfc1 Rf6 23. Bxb4 Qxc2 24. Rxc2 b6 25. Be7 Rf7 26. Bc4 Rxe7 27. d6+ Rf7 28. Bxf7+ Kxf7 29. Rc7+ Kf8 30. Rac1 Be6 31. d7 Bf6 32. Rc8+ Rxc8 33. dxc8Q+ Bxc8 34. Rxc8+ 1-0

[Event "Hessen-ch U16"]
[Site "Bad Homburg"]
[Date "2005.??.??"]
[Round "5"]
[White "Penzel, Nils"]
[Black "Lee Choon, Keat"]
[Result "1/2-1/2"]
[WhiteElo "1621"]
[BlackElo "1886"]
[PlyCount "65"]
[EventDate "2005.04.??"]
[EventType "swiss"]
[EventRounds "8"]
[EventCountry "GER"]
[SourceTitle "EXT 2007"]
[Source "ChessBase"]
[SourceDate "2006.11.23"]
[SourceVersion "1"]
[SourceVersionDate "2006.11.23"]
[SourceQuality "1"]

1. d4 d5 2. Nf3 Nf6 3. c4 c6 4. g3 e6 5. Bg2 Nbd7 6. 0-0 Bd6 7. Qc2 0-0 8. b3 e5 9. cxd5 Nxd5 10. dxe5 Nxe5 11. Ba3 Re8 12. Bxd6 Qxd6 13. Nc3 Nxc3 14. Qxc3 Qf6 15. Nxe5 Rxe5 16. Rfd1 Bf5 17. Rd2 Qe7 18. Bf3 Be4 19. Bxe4 Rxe4 20. Qc2 h6 21. Rad1 Re5 22. e3 Qf6 23. Rd6 Re6 24. Rd7 Rb8 25. R1d4 Re7 26. Rd8+ Re8 27. R8d7 Red8 28. Qd2 Rxd7 29. Rxd7 Qf5 30. Qd6 Re8 31. Rxb7 Qb1+ 32. Kg2 Qe4+ 33. Kg1 1/2-1/2